00545nam a22001937a 450000500170000001000130001702000220003003500130005203700160006504000120008108200160009310000220010924500660013126000360019727000590023330000240029265000160031665000190033220170124110155.0 aA-826319 c00.00a8171547800 aA-826319 bCen Lib/Ret aDPLbEN a181.45bPAT aPati, Madhusudan  aBhagavad gita :cby Madhusudan Patiba literary elucidation / aMumbaic1997bPopular prakashan bMumbaia35-C, Pandit madan mohan malviya nagare400034 avii,210p.c20cm(Hb) aPhilosophy  aBhagavad gita